Epics of The Fancy (Record no. 186688)
[ view plain ]
| 000 -LEADER | |
|---|---|
| fixed length control field | 00856 a2200169 4500 |
| 003 - CONTROL NUMBER IDENTIFIER | |
| control field | Nust |
| 005 - DATE AND TIME OF LATEST TRANSACTION | |
| control field | 20230525112803.0 |
| 040 ## - CATALOGING SOURCE | |
| Transcribing agency | Nust |
| 082 ## - DEWEY DECIMAL CLASSIFICATION NUMBER | |
| Classification number | 823, FAR |
| 100 ## - MAIN ENTRY--PERSONAL NAME | |
| Personal name | Farnol,Jeffry |
| 9 (RLIN) | 112579 |
| 245 ## - TITLE STATEMENT | |
| Title | Epics of The Fancy |
| Statement of responsibility, etc. | Jeffry Farnol |
| 260 ## - PUBLICATION, DISTRIBUTION, ETC. | |
| Place of publication, distribution, etc. | London |
| Name of publisher, distributor, etc. | Sampson low |
| 300 ## - PHYSICAL DESCRIPTION | |
| Extent | 310:p |
| 505 ## - FORMATTED CONTENTS NOTE | |
| Formatted contents note | The Cesti of the Gladiators of rome (Page-6),John Broughton (Page-22),Richard Humphries (Page-38),Tom Johnson (Page-39),Dutch Sam (Page-55),John Gully(Page-70),Tom Cribb (Page-86), Tom Spring(Page-102),Jem Ward (Page-118),Bendigo (Page-134),Tom Sayers (Page-150),Tom Sayers(Page-166),Jem Mace(Page-182),John L. Sullivan (Page-198),Peter Jackson (Page-214),Bob Fitzsimmons(Page-230),Jem Corbett(Page-246), Charles Mitchell(Page-262), Georges Carpentries (Page-294) Jack Dempsey(Page-295). |
| 650 ## - SUBJECT ADDED ENTRY--TOPICAL TERM | |
| Topical term or geographic name entry element | Story |
| 9 (RLIN) | 100639 |
| 942 ## - ADDED ENTRY ELEMENTS (KOHA) | |
| Source of classification or shelving scheme | |
| Koha item type | Book |
| Withdrawn status | Lost status | Source of classification or shelving scheme | Damaged status | Not for loan | Permanent Location | Current Location | Shelving location | Date acquired | Full call number | Barcode | Date last seen | Price effective from | Koha item type | Public note |
|---|---|---|---|---|---|---|---|---|---|---|---|---|---|---|
| Military College of Signals (MCS) | Military College of Signals (MCS) | Fiction | 12/12/2016 | 823,FAR | MCS30186 | 12/08/2016 | 12/12/2016 | Book | Almirah No.57, Shelf No.5 |
